|
|
|
|
| LEADER |
02319cam a2200661 a 4500 |
| 001 |
nkc20081745492 |
| 003 |
CZ PrNK |
| 005 |
20080919093625.0 |
| 007 |
ta |
| 008 |
080211s2007 xr a c f 000 0 cze d |
| 015 |
|
|
|a cnb001745492
|
| 020 |
|
|
|a 978-80-86449-52-4
|q (brož.)
|
| 035 |
|
|
|a (OCoLC)244810546
|
| 040 |
|
|
|a KLG001
|b cze
|d ABA001
|
| 041 |
1 |
|
|a cze
|h eng
|
| 072 |
|
7 |
|a 2-23/-27
|x Bible. Biblistika
|2 Konspekt
|9 5
|
| 072 |
|
7 |
|a 0/9-053.2
|x Literatura pro děti a mládež (naučná)
|2 Konspekt
|9 26
|
| 080 |
|
|
|a 27-184.3
|2 MRF
|
| 080 |
|
|
|a 27-184
|2 MRF
|
| 080 |
|
|
|a 26-144-2
|2 MRF
|
| 080 |
|
|
|a 27-277
|2 MRF
|
| 080 |
|
|
|a 2-277.2
|2 MRF
|
| 080 |
|
|
|a (035)
|2 MRF
|
| 080 |
|
|
|a (079.1)
|2 MRF
|
| 080 |
|
|
|a (0.053.2)
|2 MRF
|
| 100 |
1 |
|
|a Arthur, Kay,
|d 1933-2025
|7 mzk2004265378
|4 aut
|
| 245 |
1 |
0 |
|a Pane Bože, jak se jmenuješ? /
|c Kay Arthurová, Janna Arndtová ; [překlad Miroslava Čejková]
|
| 250 |
|
|
|a 1. vyd.
|
| 260 |
|
|
|a Praha :
|b KMS,
|c 2007
|
| 300 |
|
|
|a 158 s. :
|b il. ;
|c 23 cm
|
| 490 |
1 |
|
|a Prozkoumej to sám - biblické studium pro děti
|
| 500 |
|
|
|a Přeloženo z angličtiny
|
| 500 |
|
|
|a Na obálce: boží jména
|
| 500 |
|
|
|a Na rubu tit. s. a v tiráži uvedena chybně druhá autorka jako Arndová
|
| 650 |
0 |
7 |
|a křesťanská víra
|7 ph122113
|2 czenas
|
| 650 |
0 |
7 |
|a Bůh a člověk
|7 ph116953
|2 czenas
|
| 650 |
0 |
7 |
|a Boží jména
|7 ph116912
|2 czenas
|
| 650 |
0 |
7 |
|a biblické studium
|7 ph118859
|2 czenas
|
| 650 |
0 |
7 |
|a biblické citáty
|7 ph118853
|2 czenas
|
| 650 |
0 |
9 |
|a Christian faith
|2 eczenas
|
| 650 |
0 |
9 |
|a relations between God and man
|2 eczenas
|
| 650 |
0 |
9 |
|a names of God
|2 eczenas
|
| 650 |
0 |
9 |
|a studying the Bible
|2 eczenas
|
| 650 |
0 |
9 |
|a Biblical quotations
|2 eczenas
|
| 655 |
|
7 |
|a příručky
|7 fd133209
|2 czenas
|
| 655 |
|
7 |
|a testy
|7 fd133697
|2 czenas
|
| 655 |
|
7 |
|a publikace pro děti
|7 fd133156
|2 czenas
|
| 655 |
|
9 |
|a handbooks and manuals
|2 eczenas
|
| 655 |
|
9 |
|a tests
|2 eczenas
|
| 655 |
|
9 |
|a children's literature
|2 eczenas
|
| 700 |
1 |
|
|a Arndt, Janna,
|d 1960-
|7 xx0074596
|4 aut
|
| 765 |
0 |
|
|t God, what's your name?
|9 Česky
|
| 830 |
|
0 |
|a Prozkoumej to sám
|0 s
|
| 910 |
2 |
|
|a BOA001
|b 2-1208.166
|
| 990 |
|
|
|a BK
|
| 995 |
|
|
|a 01
|
| 991 |
|
|
|b 200807
|c NOV
|
| 996 |
6 |
|
|b 2610348642
|c 2-1208.166
|l MZK
|r Sklad / do 1 hodiny
|n 0
|p p.v.
|w 001067663
|u 000010
|a 1
|e BOA001
|j MZK50
|s P
|